| 000 | 006330000a22002770004500 | ||
|---|---|---|---|
| 082 |
_a553.79 _bR126g _cT |
||
| 518 | _a20041129 | ||
| 530 | _aM | ||
| 100 | _aRaghunath, H. M. | ||
| 245 | _aGround water | ||
| 250 | _a2nd edn. | ||
| 020 | _a0-85226-298-1 | ||
| 260 |
_aNew Delhi _bNew Age International, India |
||
| 260 | _c1987 | ||
| 300 |
_a563p. _billus. |
||
| 041 | _aEng | ||
| 500 | _aBibliography: p.557-559 | ||
| 650 | _aWater | ||
| 650 | _aGroundwater | ||
| 650 | _aHydrometeorology | ||
| 650 | _aHydrology | ||
| 650 | _aWells | ||
| 650 | _aWell driling | ||
| 650 | _aGroundwater pollution | ||
| 942 | _cGEN | ||
| 999 |
_c32439 _d32439 |
||